000 00699nam a22002177a 4500
003 OSt
005 20260425032255.0
008 240603b |||||||| |||| 00| 0 eng d
020 _a9780071077750
040 _aDWCL-Main lib.
_cOC
082 _2fourteenth edition
_aCirc. 621.3191 K87m 2011
100 _aKothari, D P
245 _aModern power system analysis /
250 _afourteenth edition
260 _aNew Delhi, India :
_bTata McGraw-Hill Education Private Limited,
_c2011.
300 _axx,
_b 776 pages : illustrations ;
_c24 cm.
504 _aIncludes index.
650 _a1. Electrical power systems.
700 _aD P Kothari
942 _2ddc
_cBK-CIRC
_efourteenth edition
_kCirc.
_n0
999 _c102
_d102